000 nam a22 a 4500
999 _c184616
_d184616
003 BLK
005 20220924095620.0
008 180411b bul|||||r ||||||| ||bul||
010 _aKNG00193582000
040 _aBLK
041 _aBUL
_cBUL
080 _aБългарска литература
_b821.163.2
_x-1
_z821.163.2-1
100 1 _aЕвтимов, Евтим Михалушев
_eпърви автор
_9365147
139 _aЕвтимов, Евтим Михалушев
_bЕ 22
245 1 0 _aГорчиво вино
_bЛюбовна лирика
_cЕвтим Михалушев Евтимов
257 _aBGR
260 _aСофия
_bБълг. писател
_c1975
300 _a112 с.
_c21 см
380 _aX
852 _aЦб 75935
_bЦб
856 4 _qpdf
856 4 _qpdf
942 _cKNG
_n0
_s1
944 _aCR
_c18.10.2016
_kНора_Радева
944 _aED
_c18.10.2016
_kНора_Радева